| 000 | 00568nam a22001697a 4500 | ||
|---|---|---|---|
| 008 | 181109b xxu||||| |||| 00| 0 eng d | ||
| 020 | _a9781551808390 | ||
| 050 |
_aPN4121 _b.B59 2009 |
||
| 100 | _aBoyle, Charles A., 1930- | ||
| 245 |
_aSpeak out with clout : _ball about speeches and the news media / _cby Charles A. Boyle |
||
| 260 |
_aBellingham, WA _bInternational Self-Counsel Press Ltd., _c2009 |
||
| 300 |
_avxii, 109 p. : _bill. ; _c22 cm |
||
| 500 | _a Includes index | ||
| 650 | _aPublic speaking | ||
| 650 | _aPublic relations | ||
| 942 |
_2lcc _cBK |
||
| 999 |
_c53791 _d53791 |
||